000 01101nam0a2200313 4500
001 RU\NLR\bibl\1751583
005 20260406075012.0
010 _a978-5-88503-970-3
_95000
021 _aRU
_b2011-17689
_91244
035 _a(NLR Aleph) 001742439
090 _a1467848
_c1467848
100 _a20110328d2010 |||y0rusy50 ca
101 0 _arus
102 _aRU
105 _ay |||||||||
200 1 _aМужчины и Ислам
_fШамиль Аляутдинов
210 _aМосква
_aСанкт-Петербург
_cДИЛЯ
_d2010
215 _a169, [1] с.
_d21
300 _aНа обл. авт. не указан
320 _aБиблиогр. в конце кн.
606 1 _aБеседы религиозные мусульманские
_92445288
_3RU\NLR\auth\661454372
686 _aЭ38-681.2
700 1 _4070
_8rus
_7ca
_aАляутдинов
_bШ. Р.
_f1974-
_gШамиль Рифатович
_3RU\NLR\auth\7736075
_919068
801 0 _aRU
_bNLR
_c20110328
_gRCR
801 1 _aRU
_bNLR
_c20110328
942 _cBOOK
980 _aNB